书目信息 |
| 题名: |
李长之书评
|
|
| 作者: | 伍杰 , 王鸿雁 编 | |
| 分册: | 贰 | |
| 出版信息: | 石家庄 河北教育出版社 2006 |
|
| 页数: | 263页 | |
| 开本: | 18cm | |
| 丛书名: | ||
| 单 册: | ||
| 中图分类: | G236 | |
| 科图分类: | ||
| 主题词: | 书评--中国--现代--选集 , 书评 | |
| 电子资源: | ||
| ISBN: | 7-5434-6313-X | |
| 000 | 00811nam0 2200253 45 | |
| 001 | 1050765156 | |
| 005 | 20100416085145.18 | |
| 010 | @a7-5434-6313-X@dCNY17.60(全5卷88.00) | |
| 100 | @a20100408d2006 em y0chiy0110 ea | |
| 101 | 0 | @achi |
| 102 | @aCN@b130000 | |
| 105 | @ay z 000yy | |
| 106 | @ar | |
| 200 | 1 | @a李长之书评@ALi Chang Zhi Shu Ping@h贰@HEr@f伍杰,王鸿雁编@FWu Jie, Wang Hong Yan Bian |
| 210 | @a石家庄@c河北教育出版社@d2006 | |
| 215 | @a263页@d18cm | |
| 330 | @a本书共五卷,包括书评理论、现代作品评论、古代作品评论、外国作品评论等几部分内容。 | |
| 606 | 0 | @a书评@y中国@z现代@j选集 |
| 606 | 0 | @a书评 |
| 690 | @aG236@v4 | |
| 701 | 0 | @a伍杰@AWu Jie@g(出版工作)@4编 |
| 701 | 0 | @a王鸿雁@AWang Hong Yan@g(文学)@4编 |
| 801 | 0 | @aCN@bTANGWEI@c20100416 |
| 905 | @b0590296-99@dG236@e55:2@f4 | |
| 李长之书评.贰/伍杰,王鸿雁编.-石家庄:河北教育出版社,2006 |
| 263页;18cm |
| ISBN 7-5434-6313-X:CNY17.60(全5卷88.00) |
| 本书共五卷,包括书评理论、现代作品评论、古代作品评论、外国作品评论等几部分内容。 |
| ● |
| 相关链接 |
|
|
|
|
正题名:李长之书评
索取号:G236/55:2
 
预约/预借
| 序号 | 登录号 | 条形码 | 馆藏地/架位号 | 状态 | 备注 |
| 1 | 0590296 | 205902969 | 第一样本阅览室/ [索取号:G236/55:2] | 在馆 | |
| 2 | 0590297 | 205902978 | 第四借阅区/ [索取号:G236/55:2] | 在馆 | |
| 3 | 0590298 | 205902987 | 第四借阅区/ [索取号:G236/55:2] | 在馆 | |
| 4 | 0590299 | 205902996 | 第四借阅区/ [索取号:G236/55:2] | 在馆 |